| 000 | 01040nam0a22002771 4500 | ||
|---|---|---|---|
| 001 | RU\NLR\A1SV\133911 | ||
| 005 | 20251203171251.9 | ||
| 035 | _a(NLR Aleph) 010675312 | ||
| 090 |
_a9623960 _c9623960 |
||
| 100 | _a20150114d1924 u y0rusy50 ca | ||
| 101 | 0 | _arus | |
| 102 | _aRU | ||
| 200 | 1 |
_aК вопросу о профессоинальных заболеваниях сухожилий _fА.Я.Шнее _g(Хирург. отд. б. Сокольн. гор. больнице[!]) _gДоложено в засед. расшир. конф. при Ин-те для изучения проф. заболеваний им. В.А.Обуха II/X 23 г. |
|
| 210 |
_aМ. _cТип. МОСО _d[1924] |
||
| 215 |
_a7 с. _d26 см |
||
| 300 | _aБез тит. л. | ||
| 320 | _aБиблиогр.: с.7 | ||
| 620 | _dМосква | ||
| 700 | 1 |
_aШнее _bА.Я. _gАнатолий Яковлевич |
|
| 801 | 0 |
_aRU _bNLR _c20150114 |
|
| 852 |
_aNLR _j34/1463 |
||
| 899 | _aРГБ | ||
| 942 | _cBOOK | ||
| 980 | _aNB | ||
| 980 | _aA1SV | ||